000 00340 a2200157 4500
001 62277
020 _a9788571532472
040 _cAnchieta - Pituba
100 _aRegino, Sueli Maria
240 1 0 _aMenino passarinho
_lpor
245 1 0 _aMenino passarinho
300 _a96
362 0 _a2011
650 4 _aLiteratura juvenil
942 _cBK
999 _c62277
_d62277